Pays sans accès à la mer - Statistiques

Statistiques générales
  • Ce quiz a été pris 864 fois
    839 depuis la dernière actualisation
  • Le résultat moyen est 36 sur 45
Statistiques - réponses
Continent Pays % Correct
Europe Autriche
92%
Europe Suisse
92%
Europe Andorre
90%
Europe Slovaquie
87%
Europe Hongrie
86%
Europe Luxembourg
86%
Asie Mongolie
86%
Afrique Tchad
86%
Amérique Bolivie
85%
Amérique Paraguay
85%
Afrique Mali
84%
Afrique Niger
84%
Europe République Tchèque
84%
Europe Vatican
84%
Europe Liechtenstein
83%
Asie Népal
83%
Asie Ouzbékistan
83%
Asie Bhoutan
82%
Asie Kazakhstan
82%
Afrique Lesotho
82%
Europe Serbie
82%
Afrique Rwanda
81%
Asie Turkménistan
81%
Asie Afghanistan
80%
Asie Tadjikistan
80%
Europe Biélorussie
79%
Europe Kosovo
79%
Afrique République centrafricaine
79%
Europe Saint-Marin
79%
Afrique Soudan du Sud
79%
Afrique Zambie
79%
Afrique Zimbabwe
78%
Asie Arménie
77%
Europe Macédoine
77%
Europe Moldavie
76%
Afrique Burkina Faso
74%
Afrique Burundi
74%
Afrique Ouganda
73%
Afrique Botswana
71%
Asie Laos
71%
Asie Kirghizistan
68%
Afrique Malawi
67%
Afrique Ethiopie
65%
Asie Azerbaïdjan
60%
Afrique Swaziland
57%
Aucun quiz correspondant
Distribution des résultats
% des personnes avec chaque résultat
Percentile par nombre de réponses
Votre historique - résultats
Vous n’avez pas pris ce quiz depuis la dernière actualisation